01331cam a22003617a 4500003000500000005001700005008004100022010000900063011000900072035000900081040000900090090001000099100004700109245007400156260004000230300002000270502010000290590003700390590004100427590004100468590004100509590004100550590004200591650002000633650003500653700003900688700004200727901000700769942001000776949004100786999001500827952012700842CHAP20220329133024.0971013s1990 r 00010 d a1364 a2336 a1529 cCHAP aTesis00aJiménez Díaz, Francisco Javier.961486 0aDiseño, construcción y evaluación de una despicadora de Jamaica aChapingo, Méx. :bEl autor,c1990 a147 h.b: ilus. aTesis (Ing. Agr. Esp. en Maquinaria Agrícola). -- UACH. Departamento de Maquinaria Agrícola aALEPHb10c20130110lUCH01h1208 aBATCH-UPDb10c20130110lUCH01h0035 aBATCH-UPDb10c20130110lUCH01h1257 aBATCH-UPDb10c20130410lUCH01h0817 aBATCH-UPDb10c20130914lUCH01h1643 aCONVERSIONb10c20130109lUCH01h130214aJamaica.96098714aProyectos industriales.9925310 aIniesta Avila, Juan Isabel.9586080 aRuiz García, José Manuel.9100681 aBK cTESIS bBCcTESd-11016eTS1h23296i1529si c1364d1364 00102local4051708TESISaBCbBCcPA_TESISd2019-12-31fTESISl0oTesisp-11016r2019-12-31 00:00:00w2019-12-31yTESIS